| 000 | 00828nam a2200265 a 4500 | ||
|---|---|---|---|
| 001 | 57266 | ||
| 003 | BD-RjUL | ||
| 005 | 20211209080505.0 | ||
| 008 | 161207s1997 njua b 001 0 eng | ||
| 020 | _a0134496124 | ||
| 035 | _a(BD-RjUL)57390 | ||
| 040 |
_aDLC _cDLC _dBD-RjUL _beng |
||
| 041 | _aeng | ||
| 082 | 0 | 0 |
_a302 _223 _bTAS 1977 |
| 100 | 1 |
_aTaylor, Shelley E. _9170055 |
|
| 245 | 0 | 0 |
_aSocial psychology / _cShelley E. Taylor, Letitia Anne Peplau, David O. Sears. |
| 250 | _a9th ed. | ||
| 260 |
_aUpper Saddle River, NJ : _bPrentice Hall, _cc1997. |
||
| 300 |
_axi, 555 p. : _bill. ; _c29 cm. |
||
| 504 | _aIncludes bibliographical references (p. [476]-532) and indexes. | ||
| 650 | 0 |
_aSocial psychology. _9170056 |
|
| 700 | 1 |
_aPeplau, Letita Anne. _9170057 |
|
| 700 | 1 |
_aSears, David O. _9170058 |
|
| 942 |
_2ddc _cBK |
||
| 999 |
_c57266 _d57266 |
||